000 01147nam a22003855b 4500
001 7859
003 DO-SdBNP
005 20180221105920.0
007 7859
008 920408s1991 sp a |||| ||spa
016 7 _a
_2BPMSU
017 _a
_b
020 _a843482759X
035 _a
040 _aBPMSU
_bspa
_cBPMUS
_e
041 1 _aspa
_h
080 _a
092 _a833.91
_bW853l
100 1 _aWolf, Klaus-Peter
_d1954-
240 1 0 _aMeine Mutter haut sogar Django in die Pfanne /
245 1 0 _aLili, Diango y el sheriff /
_cKlaus-Peter Wolf ; traducción Elsa Alfonso Mori ; ilustraciones, Federico Delicado
_h
250 _a 3a. ed.
260 _aMadrid :
_bSM,
_c1991
300 _a83 p. :
_bil. ;
_c19 cm
490 1 _aEl barco de vapor
_aSerie azul
_v33
521 _aA partir de 7 años.
650 _2CUENTOS INFANTLES ALEMANES
650 _aLITERATURA INFANTIL ALEMANA
700 1 _aAlfonso, Elsa
_etra.
700 1 _aDelicado, Federico
_d1956-
_e il.
830 _aEl barco de vapor
_v33
_pSerie azul
942 _2ddc
_cBK
945 _aInventariado, 2018/ YL
956 _aVMATEO
_210
_320160406
_6BPMSU
_80069
999 _c9570
_d9570